Statistics for LAX Airline Quiz

Click here to take the quiz!

General Stats

  • This quiz has been taken 44 times
  • The average score is 32 of 66

Answer Stats

HintAnswer% Correct
3American
100%
1Delta
100%
2United
94%
4Alaska
88%
53Southwest
88%
18Air China
82%
64British Airways
82%
59Lufthansa
79%
6Spirit
79%
7Aeromexico
73%
17Air Canada
73%
12Air France
73%
30Emirates
73%
62JetBlue
73%
11Air NewZealand
70%
9Japan Airlines
70%
8Korean Air
70%
42Singapore
70%
28China Eastern
64%
29China Southern
64%
60Latam
64%
21ANA
61%
24Avianca
61%
15Aer Lingus
58%
25Cathay Pacific
58%
61KLM
58%
43Swiss
58%
50WestJet
58%
19Alitalia
55%
22Asiana
55%
36Iberia
55%
39Lot
55%
52Turkish
55%
45Virgin Atlantic
55%
63Etihad
48%
5Frontier
48%
55SAS
48%
65Air Tahiti Nui
42%
31Copa
42%
26China Airlines
39%
10Quantas
39%
23Austrian
36%
38Fiji Airways
36%
33Finn Air
36%
56Philippine
36%
49Sun Country
36%
46Viva Aerobus
33%
41Saudia
30%
51Virgin Australia
30%
66Fed-Ex
27%
14DHL
24%
32Eva Air
24%
37InterJet
24%
13UPS
24%
35Hawaiin
18%
44Thomas Cook
18%
34Hainan Air
15%
57Quatar
12%
20Alegiant
9%
27China Cargo Air
6%
54Sichuan Airlines
6%
48El Al Israel Airlines
3%
40NCA
3%
16Aeroloft
0%
58Norwegion
0%
47Xiaman
0%

Score Distribution

Percentile by Number Answered

Percent of People with Each Score

Your Score History

You have not taken this quiz